Word Ladder: 'Modern Family' Names Quiz Stats

 Plays Quiz Updated May 1, 2018

Challenge
Share
Tweet
Embed
Score 0/35 Timer 03:00
1 Play Today
Clue 4-Letter Word % Correct
Show off your musclesFLEX
93.5%
At no costFREE
92.8%
Run awayFLEE
91.3%
A soft french cheeseBRIE
89.3%
Breathing organ for fishGILL
88.8%
• Daughter of Claire and [Last Rung] played by Ariel Winter •• ALEX •
88.1%
Document for your estate after deathWILL
86.9%
Put on weightGAIN
86.8%
Hair pestsLICE
86.5%
Moisten with one's tongueLICK
86.2%
Facebook affirmationLIKE
86.2%
Relative of a smileGRIN
85.2%
A village east of the ShireBREE
84.1%
SelectPICK
83.5%
___-à-bracBRIC
83.1%
A queue, in the USLINE
81.8%
Belly button fuzzLINT
80.9%
• Actor Stonestreet who plays Cam Tucker •• ERIC •
80.7%
Clue 4-Letter Word % Correct
• Son of Claire and [Final Rung] played by Nolan Gould •• LUKE •
80.4%
• Daughter of Mitchell and Cam •• LILY •
79.8%
A type of bladderGALL
78.3%
Lacking color in complexionPALE
78%
100 meter dash, e.g.RACE
77%
Crafty or slyWILY
76.1%
US Track Olympian DeversGAIL
75.8%
Bucket at the beachPAIL
74.7%
___ go BraghERIN
74%
Common sidedishRICE
73.9%
___ de galloPICO
72.9%
• Actor Rodriguez who plays Manny Delgado •• RICO •
70%
A moonish shapeLUNE
69.3%
Covering for a coffinPALL
69.2%
A noisy intake of airRALE
67.3%
A spirited songLILT
65.7%
• Husband of Claire played by Ty Burrell •• PHIL •
59.1%

Today's Daily Dose

Missing Word
Top 10 Artists

Word Ladder
'70s Song II

On This Day
October 20th II

You're not logged in!

Compare scores with friends on all Sporcle quizzes.
Join for Free
OR
Log In

You Might Also Like...

Show Comments

Extras

Top Quizzes Today


Score Distribution

Your Account Isn't Verified!

In order to create a playlist on Sporcle, you need to verify the email address you used during registration. Go to your Sporcle Settings to finish the process.

Report this User

Report this user for behavior that violates our Community Guidelines.

Details: